Essentials of Organizational Behavior (Record no. 352037)

000 -LEADER
fixed length control field 00512nam a22001937a 4500
003 - CONTROL NUMBER IDENTIFIER
control field OSt
005 - DATE AND TIME OF LATEST TRANSACTION
control field 20180116183105.0
008 - FIXED-LENGTH DATA ELEMENTS--GENERAL INFORMATION
fixed length control field 170731b xxu||||| |||| 00| 0 eng d
020 ## - INTERNATIONAL STANDARD BOOK NUMBER
International Standard Book Number 9788131727645
040 ## - CATALOGING SOURCE
Transcribing agency 0
082 ## - DEWEY DECIMAL CLASSIFICATION NUMBER
Classification number 658.3 ROB 2010
100 ## - MAIN ENTRY--PERSONAL NAME
Personal name Stephen P. Robbins
245 ## - TITLE STATEMENT
Title Essentials of Organizational Behavior
Statement of responsibility, etc. Stephen P. Robbins
250 ## - EDITION STATEMENT
Edition statement 10th Ed.
260 ## - PUBLICATION, DISTRIBUTION, ETC.
Place of publication, distribution, etc. India
Name of publisher, distributor, etc. Pearson
Date of publication, distribution, etc. 2010
300 ## - PHYSICAL DESCRIPTION
Extent 327p.
Other physical details pb
440 ## - SERIES STATEMENT/ADDED ENTRY--TITLE
Title Essentials of Organizational Behavior
942 ## - ADDED ENTRY ELEMENTS (KOHA)
Source of classification or shelving scheme
Koha item type Book
Holdings
Withdrawn status Lost status Source of classification or shelving scheme Damaged status Not for loan Collection code Permanent Location Current Location Shelving location Date acquired Total Checkouts Full call number Barcode Date last seen Price effective from Koha item type
            Central Library (CL) Central Library (CL) General Stacks 07/31/2017   658.3 ROB 2010 NBS10287 07/31/2017 07/31/2017 Book
© 2023 Central Library, National University of Sciences and Technology. All Rights Reserved.